<?xml version="1.0" encoding="UTF-8"?>
<record
    xmlns:xsi="http://www.w3.org/2001/XMLSchema-instance"
    xsi:schemaLocation="http://www.loc.gov/MARC21/slim http://www.loc.gov/standards/marcxml/schema/MARC21slim.xsd"
    xmlns="http://www.loc.gov/MARC21/slim">

  <leader>00478nam a22001697a 4500</leader>
  <controlfield tag="005">20260311171004.0</controlfield>
  <controlfield tag="008">260311b        |||||||| |||| 00| 0 eng d</controlfield>
  <datafield tag="020" ind1=" " ind2=" ">
    <subfield code="a">978-81-943455-3-4</subfield>
  </datafield>
  <datafield tag="041" ind1=" " ind2=" ">
    <subfield code="a">eng</subfield>
  </datafield>
  <datafield tag="082" ind1=" " ind2=" ">
    <subfield code="a">622.34 PRA-S</subfield>
  </datafield>
  <datafield tag="100" ind1=" " ind2=" ">
    <subfield code="a">PRADHAN, D.S.</subfield>
    <subfield code="9">8904</subfield>
  </datafield>
  <datafield tag="245" ind1=" " ind2=" ">
    <subfield code="a">SUBSURFACE MINE HAZARDS &amp; SAFETY ( Theory, solved examples and workbook practice questions)</subfield>
  </datafield>
  <datafield tag="260" ind1=" " ind2=" ">
    <subfield code="a">HYDERABAD</subfield>
    <subfield code="b">PLANET PUBLISHING HOUSE </subfield>
  </datafield>
  <datafield tag="300" ind1=" " ind2=" ">
    <subfield code="a">188;P</subfield>
  </datafield>
  <datafield tag="650" ind1=" " ind2=" ">
    <subfield code="a">MINING</subfield>
  </datafield>
  <datafield tag="942" ind1=" " ind2=" ">
    <subfield code="c">BK</subfield>
  </datafield>
  <datafield tag="999" ind1=" " ind2=" ">
    <subfield code="c">9093</subfield>
    <subfield code="d">9091</subfield>
  </datafield>
  <datafield tag="952" ind1=" " ind2=" ">
    <subfield code="0">0</subfield>
    <subfield code="1">0</subfield>
    <subfield code="4">0</subfield>
    <subfield code="7">0</subfield>
    <subfield code="8">MINING</subfield>
    <subfield code="a">JRU</subfield>
    <subfield code="b">JRU</subfield>
    <subfield code="c">REF</subfield>
    <subfield code="d">2026-03-09</subfield>
    <subfield code="e">PURCHASE</subfield>
    <subfield code="g">199.00</subfield>
    <subfield code="h">LBI/000884, DATE-06/03/2026</subfield>
    <subfield code="l">0</subfield>
    <subfield code="o">622.34 PRA-S</subfield>
    <subfield code="p">29390</subfield>
    <subfield code="r">2026-03-11 10:59:45</subfield>
    <subfield code="w">2026-03-11</subfield>
    <subfield code="y">BK</subfield>
  </datafield>
  <datafield tag="952" ind1=" " ind2=" ">
    <subfield code="0">0</subfield>
    <subfield code="1">0</subfield>
    <subfield code="4">0</subfield>
    <subfield code="7">0</subfield>
    <subfield code="8">MINING</subfield>
    <subfield code="a">JRU</subfield>
    <subfield code="b">JRU</subfield>
    <subfield code="d">2026-03-09</subfield>
    <subfield code="e">PURCHASE</subfield>
    <subfield code="g">199.00</subfield>
    <subfield code="h">LBI/000884, DATE-06/03/2026</subfield>
    <subfield code="l">0</subfield>
    <subfield code="o">622.34 PRA-S</subfield>
    <subfield code="p">29391</subfield>
    <subfield code="r">2026-03-11 10:59:45</subfield>
    <subfield code="w">2026-03-11</subfield>
    <subfield code="y">BK</subfield>
  </datafield>
</record>
